000
00297nam a2200109Ia 4500
001
1272361
005
20260417151427.0
008
260417s9999 xx 000 0 und d
020
_a
9786255998620
245
0
_a
Children of Salik – Treasure Hunt
_c
Jenny Molendyk Divleli
260
_b
Ketebe Çocuk
999
_c
1272361
_d
1272361